Parole Saif-Taf du loup - Statistiques

Statistiques générales
  • Ce quiz a été pris 173 fois
    146 depuis la dernière actualisation
  • Le résultat moyen est 249 sur 472
Statistiques - réponses
Réponse % Correct
la
96%
La
96%
le
94%
Le
94%
me
91%
pas
91%
on
89%
On
89%
à
88%
a
88%
en
88%
m'a
88%
Par
88%
crève
85%
de
85%
Mental
85%
ta
84%
go
83%
nous
83%
merde
82%
bas
81%
et
81%
Et
81%
parle
81%
d'en
78%
papa
78%
il
76%
malheur
76%
tout
76%
fier
75%
Avant
74%
entre
74%
goute
74%
Petit
74%
Sa
74%
sa
74%
cinq
73%
dix
73%
Puis
72%
8-4
71%
deux
71%
Deux
71%
84
70%
quoi
70%
table
70%
baise
69%
city
69%
j'ai
69%
J'ai
69%
ça
68%
toute
68%
vie
68%
du
67%
qui
67%
ils
66%
66%
qu'on
66%
reste
66%
mort
65%
que
65%
Que
65%
chaque
64%
conne
64%
des
64%
Des
64%
fasse
64%
rêve
64%
va
64%
gosse
63%
j'vois
63%
monde
61%
oublié
61%
pierres
61%
p'tit
61%
Brel
60%
pour
60%
Pour
60%
un
60%
Un
60%
bourgeoise
59%
Jacques
59%
je
59%
sale
59%
trouve
59%
baisera
58%
buter
58%
j'rends
58%
les
58%
Les
58%
coupables
57%
immonde
57%
tombales
57%
ce
56%
l'coeur
55%
si
55%
Si
55%
ces
54%
malheurs
53%
trois
53%
tu
53%
chance
52%
mangeaient
52%
se
52%
trèfle
52%
c'est
51%
C'est
51%
sur
51%
base
50%
fait
50%
te
50%
d'un
49%
femme
49%
mère
49%
Odeur
49%
paillettes
49%
dans
48%
Dans
48%
d'l'histoire
48%
feuilles
48%
hait
48%
une
48%
dégage
47%
Faut
47%
Moi
47%
strass
47%
passe
46%
passé
46%
bases
44%
billets
44%
pages
43%
qu'elle
43%
Son
43%
son
43%
y
43%
Belle
42%
belle
42%
d'ammoniaque
41%
d'stress
41%
péter
41%
RR
41%
sans
41%
armes
40%
au
40%
gadji
40%
monte
40%
Quitte-moi
40%
salope
40%
cage
39%
gros
39%
loup
39%
parce
39%
wari
39%
Palestine
38%
frérots
36%
n'a
36%
ont
36%
peut
36%
rien
36%
bonheur
35%
car
35%
sont
35%
tes
35%
t'es
35%
vaincra
35%
fou
34%
hermès
34%
leurs
34%
péage
34%
piscine
34%
Plus
34%
valise
34%
crois
33%
est
33%
l'instant
33%
plavon
33%
fêter
32%
gari
32%
histoire
32%
juge
32%
Six
32%
cap
31%
crèvera
31%
dire
31%
eux
31%
fils
31%
fois
31%
hallucine
31%
j'suis
31%
qu'il
31%
ton
31%
vivre
31%
arrive
30%
casier
30%
ennemi
30%
larmes
30%
nique
30%
t'as
30%
80
29%
actes
29%
dit
29%
donc
29%
donnera
29%
l'homicide
29%
mentale
29%
musique
29%
pire
29%
pleurent
29%
suicide
29%
tellement
29%
daronnes
28%
déclaré
28%
égorgé
28%
elle
28%
enfants
28%
jamais
28%
j'vends
28%
l'taf
28%
lucide
28%
pactes
28%
rempli
28%
sang
28%
sert
28%
tracks
28%
balises
27%
khabat
27%
même
27%
vaillants
27%
Velar
27%
coffré
26%
gars
26%
gosses
26%
haram
26%
j'pose
26%
parti
26%
passer
26%
revenir
26%
voir
26%
faire
25%
Faire
25%
L'argent
25%
L'autre
25%
maton
25%
meurt
25%
partent
25%
signent
25%
t'aimes
25%
t'l'a
25%
l'entonnoir
24%
zouhris
24%
l'pouvoir
23%
l'salon
23%
Objectif
23%
guettant
22%
illégal
22%
ses
22%
sombres
22%
bout
21%
gué-lar
21%
Ici
21%
perdu
21%
P'tite
21%
tonne
21%
traîne
21%
versent
21%
bails
20%
péteras
20%
Qu'est
20%
voit
20%
Après
19%
clins
19%
donnerait
19%
faits
19%
talons
19%
cauchemars
18%
Sacem
18%
bavons
17%
avec
16%
coeurs
16%
glaçon
16%
prend
16%
savons
16%
âmes
15%
empilent
15%
j'en
15%
ennemis
14%
l'émouvoir
14%
tire
14%
équipes
13%
l'bonheur
13%
roule
13%
vendent
13%
montent
11%
tales
11%
tafs
10%
lars
9%
pétée
9%
waswas
9%
Aucun quiz correspondant
Distribution des résultats
% des personnes avec chaque résultat
Percentile par nombre de réponses
Votre historique - résultats
Vous n’avez pas pris ce quiz depuis la dernière actualisation